[Event "ROM-ch U12 Girls"]
[Site "Calimanesti"]
[Date "2015.04.04"]
[Round "7"]
[White "Bardas, Ana Maria"]
[Black "Marina, Raluca Ioana"]
[Result "1/2-1/2"]
[WhiteElo "1516"]
[BlackElo "1256"]
[PlyCount "68"]
[EventDate "2015.03.30"]
[EventType "swiss"]
[EventRounds "9"]
[EventCountry "ROU"]
[SourceTitle "CBM 165 Extra"]
[Source "ChessBase"]
[SourceDate "2015.04.21"]
[SourceVersion "1"]
[SourceVersionDate "2015.04.21"]
[SourceQuality "1"]

1. d4 Nf6 2. c4 b6 3. Nc3 Bb7 4. Nf3 e6 5. Bf4 Bb4 6. Bg5 h6 7. Bxf6 Qxf6 8. e3 d6 9. Bd3 Nd7 10. 0-0 Bxc3 11. bxc3 0-0 12. e4 Rad8 13. Re1 e5 14. d5 c6 15. Qa4 Nc5 16. Qd1 Nxd3 17. Qxd3 cxd5 18. cxd5 Bc8 19. h3 Qg6 20. Nh4 Qg5 21. Nf5 g6 22. Ng3 h5 23. Ne2 Bxh3 24. Qxh3 Qg4 25. Qxg4 hxg4 26. c4 Kg7 27. f3 f5 28. fxg4 fxg4 29. Rf1 Rh8 30. Rf2 Rh7 31. Raf1 Rd7 32. Ng3 Rc7 33. Rc1 Rh8 34. Rb2 Rhc8 1/2-1/2

[Event "ROM-ch U12 Girls"]
[Site "Calimanesti"]
[Date "2015.04.02"]
[Round "5"]
[White "Bardas, Ana Maria"]
[Black "Pirvu, Andreea"]
[Result "1-0"]
[WhiteElo "1516"]
[BlackElo "1173"]
[PlyCount "74"]
[EventDate "2015.03.30"]
[EventType "swiss"]
[EventRounds "9"]
[EventCountry "ROU"]
[SourceTitle "CBM 165 Extra"]
[Source "ChessBase"]
[SourceDate "2015.04.21"]
[SourceVersion "1"]
[SourceVersionDate "2015.04.21"]
[SourceQuality "1"]

1. d4 d5 2. e3 c6 3. Bd3 Nf6 4. Nd2 e6 5. f4 Be7 6. Ngf3 Nbd7 7. 0-0 Ng4 8. Nb3 0-0 9. Ne5 Ngf6 10. Qf3 Re8 11. g4 Nf8 12. g5 N6d7 13. h4 f6 14. Ng4 f5 15. Ne5 c5 16. c4 Nxe5 17. fxe5 dxc4 18. Bxc4 b6 19. Qxa8 Qc7 20. Qf3 Ng6 21. h5 Nf8 22. e4 Bb7 23. d5 exd5 24. exd5 Kh8 25. Qxf5 Nd7 26. Bb5 c4 27. Qxd7 Qxd7 28. Bxd7 Rd8 29. d6 Bf8 30. Nd4 Bd5 31. Be6 Be4 32. Bxc4 g6 33. Ne6 Rc8 34. Rxf8+ Rxf8 35. Nxf8 Kg7 36. d7 Kxf8 37. d8Q+ Kg7 1-0

[Event "ROM-ch U12 Girls"]
[Site "Calimanesti"]
[Date "2015.04.01"]
[Round "3"]
[White "Sarbu, Adela"]
[Black "Bardas, Ana Maria"]
[Result "1/2-1/2"]
[WhiteElo "1329"]
[BlackElo "1516"]
[PlyCount "64"]
[EventDate "2015.03.30"]
[EventType "swiss"]
[EventRounds "9"]
[EventCountry "ROU"]
[SourceTitle "CBM 165 Extra"]
[Source "ChessBase"]
[SourceDate "2015.04.21"]
[SourceVersion "1"]
[SourceVersionDate "2015.04.21"]
[SourceQuality "1"]

1. d4 Nf6 2. e3 g6 3. f4 Bg7 4. Bd3 d6 5. Nf3 Nbd7 6. Nbd2 b6 7. 0-0 0-0 8. Re1 c5 9. c3 Re8 10. Nf1 e5 11. fxe5 dxe5 12. Bb5 e4 13. Ne5 a6 14. Bxd7 Nxd7 15. Nxd7 Bxd7 16. Ng3 cxd4 17. exd4 f5 18. Qd2 Rf8 19. Rf1 Bb5 20. Rf2 Bd3 21. Ne2 Re8 22. Qe3 Qd6 23. Bd2 Rac8 24. Nc1 Bb5 25. a4 Bc6 26. Qf4 Qxf4 27. Bxf4 b5 28. axb5 Bxb5 29. Be3 h5 30. g3 Kh7 31. Nb3 Bh6 32. Re1 Bxe3 1/2-1/2

[Event "ROM-ch U10 Girls"]
[Site "Calimanesti"]
[Date "2014.04.09"]
[Round "5"]
[White "Obada, Ema"]
[Black "Bardas, Ana Maria"]
[Result "1-0"]
[WhiteElo "1526"]
[BlackElo "1099"]
[PlyCount "59"]
[EventDate "2014.04.06"]
[EventType "swiss"]
[EventRounds "9"]
[EventCountry "ROU"]
[SourceTitle "CBM 160 Extra"]
[Source "ChessBase"]
[SourceDate "2014.07.01"]
[SourceVersion "1"]
[SourceVersionDate "2014.07.01"]
[SourceQuality "1"]

1. f4 d6 2. Nf3 g6 3. e4 Bg4 4. Bc4 Bg7 5. h3 Bxf3 6. Qxf3 Nh6 7. g4 Ng8 8. Qb3 e6 9. Qxb7 Nd7 10. Nc3 Qh4+ 11. Kd1 Qd8 12. d3 Bd4 13. Bb5 Kf8 14. Bxd7 Rb8 15. Qc6 Rb6 16. Qa4 Bxc3 17. bxc3 Ke7 18. Bb5 Qb8 19. Bc4 Qb7 20. Bb3 f5 21. Qd4 Nf6 22. g5 c5 23. Qxf6+ Ke8 24. Qxh8+ Kd7 25. Qxh7+ Kc6 26. Ba4+ Rb5 27. Qxb7+ Kxb7 28. Bxb5 fxe4 29. dxe4 Kb6 30. Be8 1-0

[Event "ROM-ch U10 Girls"]
[Site "Calimanesti"]
[Date "2013.04.08"]
[Round "9"]
[White "Patru, Alexandra Ioana"]
[Black "Bardas, Ana Maria"]
[Result "0-1"]
[WhiteElo "1209"]
[BlackElo "1029"]
[PlyCount "64"]
[EventDate "2013.04.02"]
[EventType "swiss"]
[EventRounds "9"]
[EventCountry "ROU"]
[SourceTitle "CBM 153 Extra"]
[Source "ChessBase"]
[SourceDate "2013.04.22"]
[SourceVersion "1"]
[SourceVersionDate "2013.04.22"]
[SourceQuality "1"]

1. e4 d5 2. exd5 Qxd5 3. Nc3 Qd6 4. d4 Nf6 5. Nf3 a6 6. Be2 Nc6 7. 0-0 Bg4 8. Be3 0-0-0 9. Qd2 e6 10. Rad1 Be7 11. Ne5 Nxe5 12. dxe5 Qxd2 13. Rxd2 Rxd2 14. Bxd2 Bxe2 15. Nxe2 Ne4 16. Bc3 Nxc3 17. Nxc3 Rd8 18. h3 Rd2 19. Rc1 f6 20. Ne4 Re2 21. exf6 gxf6 22. Ng3 Rd2 23. Re1 Rxc2 24. Rxe6 Kd7 25. Re1 Rxb2 26. a4 Bb4 27. Re4 b5 28. axb5 axb5 29. Rh4 Bd6 30. Rxh7+ Ke6 31. f3 Bxg3 32. Rg7 Rb1# 0-1